1366 1948 1950 1313 1427 1269 1635 1195 1271 1980 1848 1300 1522 1275 1947 1946 1046 1937 1687 1788 1191 1861 1147 1654 1250 1116 1705 1492 1175 1305 1562 1434 1145 1604 1620 1946 1448 1637 1863 1014 1925 1210 1548 1857 1470 1845 1413 1640 1648 1390 1635 1079 1142 1678 1007 1117 1824 1561 1029 1093 1580 1531 1216 1551 1414 1132 1277 1131 1928 1424 1502 1867 1869 1697 1845 1398 1729 1418 1100 1809 1911 1564 1151 1608 1506 1013 1572 1333 1306 1339 1821 1576 1667 1493 1963 1283 1243 1061 1544 BCNSPRNW ULIB Ver.6.0+V

เปลี่ยนเป็นภาษาไทย

Change to English
 แสดงรายละเอียดบรรณานุกรม
  กลับหน้าหลัก

Brief Record : Get Marc (ISO 2709) : E-mail record : QR code < ปิดหน้าต่าง
LEADER : 00000nam 2200000uu 4500
001    13399120738
003     ULIB
008    121005s2552||||th 000 0 tha d
020    ^a9786169005452
041 1  ^atha^heng
050 04 ^aBQ4570.N48^bบ371ศ
100 1  ^aวอลเลซ, บี. อลัน
245 10 ^aศาสตร์แห่งภาวนา :^bการหลอมรวมพุทธศาสนากับประสาทวิทยา =^bContemplative science : where Buddhism and neuroscience conberge /^cบี. อลัน วอลเลซ, เขียน ; เพชรรัตน์ พงษ์เจริญสุข, แปล ; พจนา จันทรสันติ, บรรณาธิการ
246 31 ^aContemplative science :^bwhere Buddhism and neuroscience conberge
250    ^aพิมพ์ครั้งที่ 1
260    ^aกรุงเทพฯ :^bสวนเงินมีมา,^c2552
300    ^a301 หน้า :^bภาพประกอบ ;^c21 ซม.
440  0 ^aชุดกระบวนทัศน์ใหม่
650  7 ^aประสาทวิทยา^xแง่ศาสนา^xพุทธศาสนา
650  7 ^aพุทธศาสนา^xแง่จิตวิทยา
650  7 ^aศาสนากับการแพทย์
650  7 ^aภาวนา
700 0  ^aเพชรรัตน์ พงษ์เจริญสุข,^eผู้แปล
700 0  ^aพจนา จันทรสันติ,^eบรรณาธิการ
945    ^p300^l0^i16610
995    ^aวิภา
999 ^a ใช้งานได้ทุกระบบ
รายการนี้ยังไม่มีแท็ก
คุณยังไม่ได้ล็อกอิน คุณสามารถมีกิจกรรมร่วมกับเว็บไซต์ได้ แต่ต้องล็อกอินก่อน ::
  ล็อกอิน

รายการสื่อสารสนเทศ

ลำดับที่ ประเภท เลขเรียก/บาร์โค้ด สถานที่ สถานะ
1. วิทยาศาสตร์การแพทย์ และสุขภาพ
วิทยาศาสตร์การแพทย์ และสุขภาพ
BQ4570.N48 บ371ศ  
  Barcode: 16610
ห้องสมุดวิทยาเขตสวรรค์ประชารักษ์
►หนังสือทั่วไป
บนชั้น

รายการใกล้เคียง
    ผู้แต่ง [วอลเลซ, บี. อลัน]

    หัวเรื่อง [ศาสนากับการแพทย์]
    หัวเรื่อง [ภาวนา]

BibComment


ยังไม่เคยถูกคอมเมนท์

คอมเมนท์ทรัพยากรรายการนี้
  คอมเมนท์: ศาสตร์แห่งภาวนา ..


 Copyright 2026. Bcnsprnw @Library